000 00864nam a2200253 a 4500
001 BRCA_4100
005 20190320204539.0
008 030330s2002 ja-a#####b---#000-0#spa-d
020 _a9701890205
020 _a9685208123
041 _aspa
044 _aja
050 4 _aN6559.R4
_b.Z87 2002
100 1 _aZurián, Carla
_910617
245 1 0 _aFermín Revueltas
_bconstructor de espacios
_cpor Carla Zurián.
260 _aJapón
_bInstituto Nacional de Bellas Artes : RM
_c2002
300 _a141 p.
_bil. a color
_c31 cm.
500 _aIncluye cronología
500 _aCatálogo de la exposición realizada en el Museo Mural Diego Rivera (Ciudad de México), 2002
504 _aBibliografía: p. 140-141
600 1 4 _aRevueltas, Fermín
_d1902-1935
_vExposiciones
_910618
710 2 _aMuseo Mural Diego Rivera (Ciudad de México)
_910619
942 _2lcc
_cB
999 _c3820
_d3820